LEADER 01088nas a2200229 i 4500 001 000000014802 003 CaOOAMICUS 005 20180830125442.0 008 180830s1893 it uu u0 0ita r 022 $a0036-9888 040 $aSeMil$bita 245 10$aScuola italiana moderna :$bperiodico settimanale di pedagogia, didattica e letteratura. 260 $aMilano :$bVallardi,$c1893. 300 $a31 cm. 500 $aLa periodicità varia. - Il sottotitolo varia. - L'Editore varia in : Brescia : La Scuola. 500 $aConsistenza: 112., Supplemento al N. 6 (15 novembre 2005). 770 0 $tSupplemento Pedagogico.$dBrescia : La Scuola $w()3020 774 0 $tCent'anni sotto il segno dell'educazione.$dBrescia : La Scuola, copyr. 2005.$w()145349 774 0 $tSpeciale Centenario.$dBrescia : La Scuola, 2005.$w()145350 996 $6022$a0036-9888$9(OLS)http://semarc/number/1022 996 $6245$aScuola italiana moderna :$bperiodico settimanale di pedagogia, didattica e letteratura$9(OLS)http://semarc/title/19616 996 $6260$aMilano :$bVallardi$9(OLS)http://semarc/publisher/30148 LEADER 01353nam a2200313 i 4500 001 000000112013 003 CaOOAMICUS 005 20231213110357.0 008 160509s1994 it u000 u ita u 013 $a84697 020 $a88-10-40721-0 040 $aSeMil$bita 100 1 $aPesce, Mauro,$d<1941- >.$0(OLS)http://semarc/name/15916 245 13$aLe due fasi della predicazione di Paolo :$bdall'evangelizzazione alla guida delle comunità /$cMauro Pesce. 260 $aBologna :$bEDB,$c1994. 300 $a278 p. ;$c22 cm. 490 0 $aStudi biblici ;$v22 500 $aFondo Card. C.M. Martini. 650 4$aPaolo - Evangelizzazione.$0(OLS)http://semarc/subject/20115 650 4$aPaolo - Teologia apostolica.$0(OLS)http://semarc/subject/20116 830 0$aStudi biblici ;$v22.$0(OLS)http://semarc/title/438659 850 $aSeMil 852 $aSeMil$W1$xVenegono$y1$m2YA V 22$j263913$B67806$CSeMilBibl$Z2$F92582 $81 941 1 $a4 961 $aOmaggio: Martini Card. Carlo Maria 996 $6020$a88-10-40721-0$9(OLS)http://semarc/number/94433 996 $6245$aLe due fasi della predicazione di Paolo :$bdall'evangelizzazione alla guida delle comunità$9(OLS)http://semarc/title/163209 996 $6260$aBologna :$bEDB$9(OLS)http://semarc/publisher/29669